000 00858nam a2200229Ii 4500
003 JO-AjNU
008 230605s9999||||xx |||||||||||||| ||und||
017 _a2004/10/2642
020 _a6657-38-014-1
040 _aJO-AjNU
_bara
_erda
_cJO-AjNU
041 _aara
050 1 4 _aPN6519.A7.I4276 2005
100 3 _aعليان، ربحي مصطفى,
_eauthor
_935184
245 0 0 _aأوراق ملونة: كتاب يجمع بين الحكمة والقول المأثور والشعر والمثل الشعبي والطرفة والمعلومة النادرة في إطار أدبي
250 _aط1
264 3 1 _aعمان: دار جرير، 2005
300 _a160ص
336 _atext
_btxt
_2rdacontent
337 _aunmediated
_bn
_2rdamedia
338 _avolume
_bnc
_2rdacarrier
650 4 _aالأدب العربي - منوعات أدبية
_935185
999 _aA14500
_c18068
_d18068